000 00670nam a2200241Ia 4500
001 Z_42
003 CHAP
005 20220920194109.0
008 220113s1987 xx 000 0 und d
010 _a163008
040 _cCHAP
090 _aFolleto 168
100 _aGroupement National Interprofessionnel des Semences et Plants. París
_9137226
245 _aLa graminée fourragére qui réussit partout: la fétuque elevée /
_cpor GNIS
260 _aParis :
_bLe Groupement,
_c1987
300 _a8 p.
650 _aFestuca arundinacea
_940663
901 _aFolleto 168
902 _aA
910 _a1987
942 _cFOLL
_2local
942 _cFOLL
_2local
999 _c163008
_d163008